KOHA-Header-6

Introduction to time series analysis and forecasting / (Record no. 12947)

000 -LEADER
fixed length control field 01683cam a2200373 i 4500
001 - CONTROL NUMBER
control field 18897561
003 - CONTROL NUMBER IDENTIFIER
control field MAJU-Karachi
005 - DATE AND TIME OF LATEST TRANSACTION
control field 20210305103925.0
008 - FIXED-LENGTH DATA ELEMENTS--GENERAL INFORMATION
fixed length control field 151215s2015 njua b 001 0 eng
010 ## - LIBRARY OF CONGRESS CONTROL NUMBER
LC control number 2015452853
020 ## - INTERNATIONAL STANDARD BOOK NUMBER
International Standard Book Number 9781118745113
020 ## - INTERNATIONAL STANDARD BOOK NUMBER
International Standard Book Number 1118745116
040 ## - CATALOGING SOURCE
Original cataloging agency DLC
Language of cataloging eng
Transcribing agency DLC
Description conventions rda
Modifying agency DLC
042 ## - AUTHENTICATION CODE
Authentication code pcc
050 00 - LIBRARY OF CONGRESS CALL NUMBER
Classification number QA280
Item number .M662 2015
082 00 - DEWEY DECIMAL CLASSIFICATION NUMBER
Classification number 519.5/5
Edition number 23
100 1# - MAIN ENTRY--PERSONAL NAME
Personal name Montgomery, Douglas C.,
Relator term author.
245 10 - TITLE STATEMENT
Title Introduction to time series analysis and forecasting /
Statement of responsibility, etc Douglas C. Montgomery, Arizona State University, Tempe, Arizona, USA, Cheryl L. Jennings, Arizona State University, Tempe, Arizona, USA, Murat Kulahci, Technical University of Denmark, Lyngby, Denmark, and Luleå University of Technology, Luleå, Sweden.
250 ## - EDITION STATEMENT
Edition statement Second edition.
260 ## - PUBLICATION, DISTRIBUTION, ETC. (IMPRINT)
Place of publication, distribution, etc Hoboken, New Jersey :
Name of publisher, distributor, etc Wiley,
Date of publication, distribution, etc [2015]
300 ## - PHYSICAL DESCRIPTION
Extent xiv, 643 pages :
Other physical details illustrations ;
Dimensions 24 cm
440 #0 - SERIES STATEMENT/ADDED ENTRY--TITLE
Title Wiley series in probability and statistics
650 #0 - SUBJECT ADDED ENTRY--TOPICAL TERM
Topical term or geographic name as entry element Time-series analysis.
650 #0 - SUBJECT ADDED ENTRY--TOPICAL TERM
Topical term or geographic name as entry element Forecasting.
700 1# - ADDED ENTRY--PERSONAL NAME
Personal name Jennings, Cheryl L.,
Relator term author.
700 1# - ADDED ENTRY--PERSONAL NAME
Personal name Kulahci, Murat,
Relator term author.
856 42 - ELECTRONIC LOCATION AND ACCESS
Materials specified Contributor biographical information
Uniform Resource Identifier <a href="http://www.loc.gov/catdir/enhancements/fy1606/2015452853-b.html">http://www.loc.gov/catdir/enhancements/fy1606/2015452853-b.html</a>
856 42 - ELECTRONIC LOCATION AND ACCESS
Materials specified Publisher description
Uniform Resource Identifier <a href="http://www.loc.gov/catdir/enhancements/fy1606/2015452853-d.html">http://www.loc.gov/catdir/enhancements/fy1606/2015452853-d.html</a>
856 41 - ELECTRONIC LOCATION AND ACCESS
Materials specified Table of contents only
Uniform Resource Identifier <a href="http://www.loc.gov/catdir/enhancements/fy1606/2015452853-t.html">http://www.loc.gov/catdir/enhancements/fy1606/2015452853-t.html</a>
906 ## - LOCAL DATA ELEMENT F, LDF (RLIN)
a 7
b cbc
c origcop
d 2
e ncip
f 20
g y-gencatlg
942 ## - ADDED ENTRY ELEMENTS (KOHA)
Source of classification or shelving scheme
Koha item type Statistics
Holdings
Withdrawn status Lost status Source of classification or shelving scheme Damaged status Not for loan Collection code Permanent Location Current Location Shelving location Date acquired Total Checkouts Full call number Barcode Date last seen Date checked out Price effective from Koha item type
&nbsp; &nbsp; &nbsp; &nbsp; &nbsp; Statistics MAJU MAJU Shelf No.B31 2021-03-05 1 519.5/5 10046 2022-06-29 2021-03-08 2021-03-05 Statistics

Powered by Koha